| 000 | 00660nam a2200205 u 4500 | ||
|---|---|---|---|
| 005 | 20220810105425.0 | ||
| 008 | 090205s1996 r 000 0 eng d | ||
| 020 | _a9681643933 (Obra completa) | ||
| 035 | _aUPN01000168854 | ||
| 049 | _aCG | ||
| 050 | 4 |
_aPQ7155 _bA5.7 1996 |
|
| 245 | 1 | 0 |
_aAntología de la narrativa mexicana del siglo XX / _cselec. introd. y notas de Christopher Domínguez Michael. |
| 250 | _a2a ed. | ||
| 260 |
_aMéxico : _bFCE, _c1996. |
||
| 300 | _a2 v. | ||
| 440 | 0 | _aLetras mexicanas | |
| 650 | 4 |
_aLiteratura mexicana _xHistoria y crítica _ySiglo XX _915745 |
|
| 700 | 1 |
_aDomínguez Michael, Christopher, _ecomp. |
|
| 905 | _aLibro | ||
| 999 |
_c140960 _d140960 |
||